Top 5 European Leagues' All Time XI's - Statistics

General Stats
  • This quiz has been taken 962 times
    865 since last reset
  • The average score is 39 of 53
Answer Stats
Player % Correct
Cristiano Ronaldo
98%
Ronaldo Nazario
98%
Lionel Messi
97%
Petr Cech
96%
Luka Modric
95%
Gianluigi Buffon
94%
Iker Casillas
94%
Kevin De Bruyne
94%
Manuel Neuer
94%
Thierry Henry
94%
Andres Iniesta
93%
Sergio Ramos
93%
R. Lewandowski
92%
Zlatan Ibrahimovic
92%
Marcelo
91%
Ashley Cole
90%
Gerd Muller
90%
Nemanja Vidic
90%
Thomas Muller
90%
Zinedine Zidane
90%
Zinedine Zidane
90%
Carles Puyol
89%
Dani Alves
89%
Paolo Maldini
89%
Arjen Robben
87%
Steven Gerrard
85%
Phillip Lahm
83%
Roy Keane
82%
Alan Shearer
80%
Franck Ribery
80%
John Terry
79%
Javier Zanetti
78%
Andrea Pirlo
77%
Kylian Mbappe
72%
Gary Neville
71%
Franz Beckenbauer
69%
Thiago Silva
67%
Alessandro Del Piero
64%
Fabio Cannavaro
63%
Franco Baresi
60%
Mats Hummels
60%
B. Schweinsteiger
57%
Francesco Totti
56%
Miroslav Klose
56%
Diego Maradona
52%
Michel Platini
47%
Fabien Barthez
36%
Lillian Thuram
36%
Marcel Desailly
31%
Juninho
23%
Jean Tigana
4%
Delio Onnis
2%
Maxime Bossis
1%
No matching quizzes found
Score Distribution
Percent of People with Each Score
Percentile by Number Answered
Your Score History
You have not taken this quiz since the last reset